000 00664nam a22002057a 4500
003 OSt
005 20140310182825.0
008 130528t xxu||||| |||| 00| 0 eng d
020 _a0800781805
050 _aBV 210.2
_b.P954 1973
082 _aM 248.4
_bP93 1973
245 _aShaping history through prayer and fasting
_bHow Christians can change world events through the simple yet powerful tools of prayer and fasting
_cPrince, Derek
260 _aUnited States of America
_bDerek Prince Publications
_cc1973
300 _a160 p.
_c17.5 cm.
521 _aCollege students
526 _c1210L-1700L
541 _j1
562 _e1
942 _2lcc
_cBK
_kM
999 _c16465
_d16465